000 00379nam a2200145 4500
999 _c509739
_d509739
008 190525b ||||| |||| 00| 0 eng d
100 _aGoli, Srinivas
_95949
245 _aUnreliable estimates of child malnutrition
260 _c2019
300 _ap.64-67.
650 _aChild
_94009
773 _aEconomic and Political Weekly
906 _aMalnutrition
942 _2ddc
_cAR